00703 2200241 4500001002100000005001500021035002000036007000300056008004100059020002200100082001200122084001800134100002900152245010500181250001000286300003400296650001000330264003500340336002100375337003000396338002300426990001200449INLIS00000000000038620240822090309 a0010-0824000009ta240822 1 ind  a978-602-1588-62-8 a899.221 a899.221 FAN r0 aFanny FajriahePengarang1 aRuang Rindu :bUntuk Kerinduan yang Tanpa Jeda, Kupersembahkan Kepada yang Tercinta /cFanny Fajriah acet 1 aiii, 236 hlm :bilus ;c19 cm 4aNovel aJakarta :bRumah Oranye,c2014 2rdacontentateks 2rdamediaatanpa perantara 2rdacarrieravolume a24.0337